Sensible US Train Station Codes – Mid-Atlantic - Statistics

General Stats
  • This quiz has been taken 124 times
  • The average score is 10 of 20
Answer Stats
Hint Answer % Correct
BAL Baltimore
92%
ERI Erie
89%
WAS Washington (Union)
89%
TRE Trenton
85%
WIL Wilmington
84%
HAR Harrisburg
80%
HUN Huntington
74%
CUM Cumberland
69%
ALT Altoona
65%
LEW Lewiston
57%
ABE Aberdeen
54%
ARD Ardmore
34%
MID Middletown
33%
STA Staunton
27%
PAO Paoli
23%
TYR Tyrone
22%
LOR Lorton
17%
DOW Downington
16%
ALD Alderson
5%
PAR Parkesburg
5%
No matching quizzes found
Score Distribution
Percent of People with Each Score
Percentile by Number Answered
Your Score History
You have not taken this quiz